| 000 | 01326nam2a22002771 4500 | ||
|---|---|---|---|
| 001 | v19\rc\1922142 | ||
| 005 | 20251118180649.4 | ||
| 035 | _a(NLR Aleph) 005008648 | ||
| 090 |
_a6463624 _c6463624 |
||
| 100 | _a20080404d1912 u y0rusy50 ca | ||
| 101 | 0 | _arus | |
| 102 | _aRU | ||
| 105 | _aa z ||||| | ||
| 200 | 1 |
_aСопротивление материалов _e(Часть теорет.) |
|
| 210 | _d1912 | ||
| 215 |
_a[2], 397 с. _cил. |
||
| 461 | 0 |
_1001v19\rc\1922141 _12001#$aКурс строительной механики$e[В 3-х кн.]$fС.А. Заборовский, экстраординар. проф. Екатериносл. высш. горн. уч-ща$vКн. 1 _1700#1$aЗаборовский$bС.А.$f1859-$gСергей Андреевич _96463617 _aЗаборовский, С.А. (1859-) _cЕкатеринослав _d1912 _fС.А. Заборовский, экстраординар. проф. Екатериносл. высш. горн. уч-ща _nтип. И. Коган _o[В 3-х кн.] _tКурс строительной механики _vКн. 1 |
|
| 801 | 0 |
_aRU _bNLR _gpsbo |
|
| 801 | 0 |
_aRU _bRuMoRGB _2psbo |
|
| 801 | 1 |
_aRU _bProSoft-M _2rusmarc |
|
| 852 |
_aNLR _j81-7/327 |
||
| 899 |
_aRuMoRGB _jO 48/4 |
||
| 899 |
_aRuMoRGB _jU 487/167 |
||
| 899 | _aНБ МГУ | ||
| 942 | _cBOOK | ||
| 980 | _aNB | ||